Raperzy z Przeszłością w QueQuality w 2min - Statystyki

Ogólne statystyki
  • Ten quiz został rozwiązany 250 razy
  • Średni wynik to 7 z 24
Statystyki odpowiedzi
Numer Raper % Poprawnych
6 Q
98%
1 Quebonafide
90%
7 Filipek
77%
2 Guzior
69%
12 Kartky
62%
3 Planbe
58%
24 Bober
43%
22 Przyłu
40%
4 Deys
35%
11 Wac toja
35%
23 Szymi Szyms
30%
21 VBS
30%
5 Szesnasty
22%
20 Jeden
15%
19 Szopeen
13%
16 Emes Milligan
10%
15 Young Lungs
6%
14 Flaszki i Szlugi
3%
8 Futuryje
3%
9 Hary
3%
17 Młodszy joe
3%
13 Nieznanyklarenz
3%
10 Foux
2%
18 Teken
2%
Nie znaleziono quizów pasujących do podanych kryteriów
Rozkład punktacji
Procent ludzi z każdym wynikiem
Percentyl według liczby udzielonych odpowiedzi
Twoja historia wyników
Nie rozwiązałeś tego quizu